Top 10 Billboard Songs of 2011 - Statistics

General Stats
  • This quiz has been taken 22 times
    20 since last reset
  • The average score is 5 of 10
Answer Stats
Hint Answer % Correct
Adele Rolling in the Deep
68%
CeeLo Green (Clean Name of Song) Forget You
63%
Katy Perry Firework
58%
Bruno Mars Grenade
53%
LMFAO feat. Lauren Bennett and GoonRock Party Rock Anthem
53%
Katy Perry feat. Kanye West E.T.
47%
Maroon 5 feat. Christina Aquilera Moves like Jagger
47%
Nicki Minaj Super Bass
47%
Pitbull feat. Ne-Yo, Afrojack and Nayer Give Me Everything
26%
The Black Eyed Peas Just Can't Get Enough
11%
No matching quizzes found
Score Distribution
Percent of People with Each Score
Percentile by Number Answered
Your Score History
You have not taken this quiz since the last reset